| 000 | 01589nam a2200397 a 4500 | ||
|---|---|---|---|
| 001 | ebr10744806 | ||
| 003 | CaPaEBR | ||
| 006 | m o u | ||
| 007 | cr cn||||||||| | ||
| 008 | 130824s2013 maua sb 001 0 eng d | ||
| 020 | _z9780262519571 | ||
| 020 | _z9780262019378 | ||
| 020 | _z9780262315340 (e-book) | ||
| 040 |
_aCaPaEBR _cCaPaEBR |
||
| 035 | _a(OCoLC)855534557 | ||
| 050 | 1 | 4 |
_aGE195 _b.L453 2013eb |
| 082 | 0 | 4 |
_a333.72 _223 |
| 100 | 1 |
_aLejano, Raul P., _d1961- |
|
| 245 | 1 | 4 |
_aThe power of narrative in environmental networks _h[electronic resource] _cRaul Lejano, Mrill Ingram, and Helen Ingram. |
| 260 |
_aCambridge, Mass. ; _aLondon, England : _bMIT Press, _cc2013. |
||
| 300 |
_a1 online resource (xiv, 225 p.) : _bill. |
||
| 440 | 0 | _aAmerican and comparative environmental policy | |
| 504 | _aIncludes bibliographical references and index. | ||
| 533 |
_aElectronic reproduction. _bPalo Alto, Calif. : _cebrary, _d2013. _nAvailable via World Wide Web. _nAccess may be limited to ebrary affiliated libraries. |
||
| 588 | _aDescription based on online resource; title from title page (ebrary, viewed August 24, 2013). | ||
| 650 | 0 | _aEnvironmentalism. | |
| 650 | 0 | _aEnvironmental policy. | |
| 650 | 0 | _aPolicy sciences. | |
| 650 | 0 | _aSocial networks. | |
| 655 | 7 |
_aElectronic books. _2local |
|
| 700 | 1 | _aIngram, Mrill. | |
| 700 | 1 |
_aIngram, Helen M., _d1937- |
|
| 710 | 2 | _aebrary, Inc. | |
| 856 | 4 | 0 |
_uhttp://site.ebrary.com/lib/rucke/Doc?id=10744806 _zAn electronic book accessible through the World Wide Web; click to view |
| 922 | _aInnodata Copy | ||
| 999 |
_c32686 _d32686 |
||